Use of randomp amplified DNA markers to analyse genetic variability and relationships of Coffea species (Record no. 71913)

MARC details
000 -LEADER
fixed length control field 00509nam a2200181Ia 4500
100 ## - MAIN ENTRY--AUTHOR NAME
Personal name Lashiermes
245 #0 - TITLE STATEMENT
Title Use of randomp amplified DNA markers to analyse genetic variability and relationships of Coffea species
260 ## - PUBLICATION, DISTRIBUTION, ETC. (IMPRINT)
Name of publisher Genetic Resources and Crop Evolution
Year of publication 1993
300 ## - PHYSICAL DESCRIPTION
Number of Pages 91-99
500 ## - GENERAL NOTE
General note Source Year: 1994
650 ## - SUBJECT ADDED ENTRY--TOPICAL TERM
Topical Term RAPD
700 ## - ADDED ENTRY--PERSONAL NAME
Personal name Charrier A
700 ## - ADDED ENTRY--PERSONAL NAME
Personal name Cros J
700 ## - ADDED ENTRY--PERSONAL NAME
Personal name Marmey P
856 ## - ELECTRONIC LOCATION AND ACCESS
Uniform Resource Identifier PGRA
942 ## - ADDED ENTRY ELEMENTS (KOHA)
Koha item type Journals
100 ## - MAIN ENTRY--AUTHOR NAME
-- P
Holdings
Withdrawn status Lost status Damaged status Not for loan Home library Current library Shelving location Date acquired Serial Enumeration / chronology Koha item type
      Journals RRII Library RRII Library RAPD 17/12/2021 Volume 40, Issue 2 Journals